|
|
|
|
| LEADER |
00000nam0a2200000 4500 |
| 001 |
56774 |
| 005 |
20231031053733.0 |
| 035 |
|
|
|a (RuTPU)RU\TPU\book\59633
|
| 090 |
|
|
|a 56774
|
| 100 |
|
|
|a 20031010d1958 k y0rusy50 ca
|
| 101 |
1 |
|
|a rus
|
| 102 |
|
|
|a RU
|
| 105 |
|
|
|a a z 001zy
|
| 200 |
1 |
|
|a Изменение климата
|e Сборник статей
|e пер. с англ.
|f Пер. И. М. Шейнис; Под ред. С. Ю. Геллера
|
| 210 |
|
|
|a Москва
|c Иностранная литература
|d 1958
|
| 215 |
|
|
|a 358 с.
|c ил.
|
| 300 |
|
|
|a Доп. тит. лист
|
| 320 |
|
|
|a Библиография в конце статей
|
| 610 |
1 |
|
|a сборники
|
| 610 |
1 |
|
|a климат
|
| 610 |
1 |
|
|a изменения
|
| 610 |
1 |
|
|a геология
|
| 610 |
1 |
|
|a метеорология
|
| 610 |
1 |
|
|a геофизика
|
| 610 |
1 |
|
|a астрономия
|
| 610 |
1 |
|
|a палеонтология
|
| 610 |
1 |
|
|a геохимия
|
| 675 |
|
|
|a 551.5
|v 3
|
| 702 |
|
1 |
|a Шейнис
|b И. М.
|4 730
|
| 702 |
|
1 |
|a Геллер
|b С. Ю.
|4 340
|
| 801 |
|
1 |
|a RU
|b 63413507
|c 20031010
|g PSBO
|
| 801 |
|
2 |
|a RU
|b 63413507
|c 20210621
|g PSBO
|
| 942 |
|
|
|c BK
|